| Tag |
First Indicator |
Second Indicator |
Subfields |
| LEADER |
00000cam a2200000 a 4500 |
| 001 |
in00000935621 |
| 005 |
20210821063500.0 |
| 008 |
891030s1990 nyua 00011 eng |
| 010 |
|
|
|a 89025624
|
| 020 |
|
|
|a 0824059549 (set : alk. paper) :
|c $210.00
|
| 035 |
|
|
|a (OCoLC)20631775
|
| 035 |
|
|
|9 AER3250AM
|
| 040 |
|
|
|a DLC
|c DLC
|d TXA
|d UtOrBLW
|
| 043 |
|
|
|a n-us---
|
| 049 |
|
|
|a TXAM
|d [
|v =v
|p =pt.]
|v 1
|p 1 [A13318639]
|v 1
|p 2 [A13319960]
|
| 050 |
0 |
0 |
|a PS3511.I9
|b A6 1990 vol. 1
|
| 082 |
0 |
0 |
|a 813/.52 s
|a 813/.52
|2 20
|
| 100 |
1 |
|
|a Fitzgerald, F. Scott
|q (Francis Scott),
|d 1896-1940.
|
| 245 |
1 |
0 |
|a This side of paradise :
|b the manuscripts and typescripts /
|c F. Scott Fitzgerald ; introduced and arranged by Matthew J. Bruccoli.
|
| 264 |
|
1 |
|a New York :
|b Garland Pub.,
|c 1990.
|
| 300 |
|
|
|a 2 volumes :
|b illustrations ;
|c 32 cm.
|
| 336 |
|
|
|a text
|b txt
|2 rdacontent
|
| 337 |
|
|
|a unmediated
|b n
|2 rdamedia
|
| 338 |
|
|
|a volume
|b nc
|2 rdacarrier
|
| 490 |
1 |
|
|a F. Scott Fitzgerald manuscripts ;
|v 1
|
| 505 |
0 |
|
|a bk. 1. The romantic egoist -- v. 2. The education of a personage.
|
| 600 |
1 |
0 |
|a Fitzgerald, F. Scott
|q (Francis Scott),
|d 1896-1940
|x Manuscripts
|x Facsimiles.
|
| 650 |
|
0 |
|a Manuscripts, American
|v Facsimiles.
|
| 700 |
1 |
|
|a Bruccoli, Matthew J.
|q (Matthew Joseph),
|d 1931-2008.
|
| 800 |
1 |
|
|a Fitzgerald, F. Scott
|q (Francis Scott),
|d 1896-1940.
|t Works.
|k Selections.
|f 1990 ;
|v 1.
|
| 999 |
|
|
|a MARS
|
| 999 |
f |
f |
|s 10f78b7a-398e-3ade-9743-b0c7943c45c8
|i ea008050-7dff-3f2b-86fe-907560ba6618
|t 0
|
| 952 |
f |
f |
|p ric
|a Texas A&M University
|b Rellis Campus
|c Joint Library Facility
|d Remote Storage
|t 0
|e PS3511.I9 A6 1990
|h Library of Congress classification
|i unmediated -- volume
|k v.1:pt.1
|m A14813318639
|
| 952 |
f |
f |
|p ric
|a Texas A&M University
|b Rellis Campus
|c Joint Library Facility
|d Remote Storage
|t 0
|e PS3511.I9 A6 1990
|h Library of Congress classification
|i unmediated -- volume
|k v.1:pt.2
|m A14813319960
|
| 998 |
f |
f |
|a PS3511.I9 A6 1990
|s v.1 pt.1-2
|t 0
|l Remote Storage
|